-
Meena,G.L,Pant,D C & Others
Entry Personal Name
Number of records used in: 1
001 - CONTROL NUMBER
003 - CONTROL NUMBER IDENTIFIER
005 - DATE AND TIME OF LATEST TRANSACTION
- control field:
20181006114732.0
008 - FIXED-LENGTH DATA ELEMENTS
- fixed length control field:
181006|| aca||aabn | a|a d
040 ## - CATALOGING SOURCE
- Original cataloging agency:
OSt
- Transcribing agency:
OSt
100 ## - HEADING--PERSONAL NAME
- Personal name:
Meena,G.L,Pant,D C & Others
670 ## - SOURCE DATA FOUND
- Source citation:
Work cat.: (OSt): Meena,G.L,Pant,D C & Others, Fundamentals of Agribusiness Management , 2017